Problémy stimulácie pracovníkov na urýchľovaní cyklu veda - výskum - vývoj - výroba - použitie. V podmienkach Výskumného ústavu energetického záverečná práca postgraduálneho štúdia

Salvato in:
Dettagli Bibliografici
Autore principale: Zajarnaja, Jaroslava
Ente Autore: Vysoká škola ekonomická v Bratislave
Altri autori: Bláhová, Eva
Natura: Libro
Lingua:slovacco
Pubblicazione: Bratislava 1990
Tags: Aggiungi Tag
Nessun Tag, puoi essere il primo ad aggiungerne!!

MARC

LEADER 00000nam a2200000 4500
001 c040049
005 20221215071302.2
041 0 |a slo 
044 |a SK 
245 1 0 |a Problémy stimulácie pracovníkov na urýchľovaní cyklu veda - výskum - vývoj - výroba - použitie. V podmienkach Výskumného ústavu energetického  |b záverečná práca postgraduálneho štúdia  |c Jaroslava Zajarnaja ; ved. práce Eva Bláhová 
264 1 |a Bratislava  |c 1990 
300 |a 38 s. 
100 1 |a Zajarnaja, Jaroslava 
700 1 |a Bláhová, Eva 
710 2 |a Vysoká škola ekonomická v Bratislave